| Tag |
First Indicator |
Second Indicator |
Subfields |
| LEADER |
00000cam a22000001a 4500 |
| 001 |
in00002931813 |
| 005 |
20190401171635.0 |
| 006 |
m o d |
| 007 |
cr un mmmapmmp |
| 008 |
060914s1870 dcu o f000 0 eng d |
| 035 |
|
|
|a cis2004004574
|
| 040 |
|
|
|a UMI
|c UMI
|d UtOrBLW
|
| 043 |
|
|
|a n-us---
|
| 099 |
|
|
|a ProQuest Serial Set Number 1426 H.exdoc.297
|
| 110 |
1 |
|
|a United States.
|b Congress.
|b House.
|b Committee on Appropriations.
|
| 245 |
1 |
0 |
|a Appropriations for Sioux Indians. Letter from the Secretary of the Interior asking for an appropriation to pay to the upper and lower bands of Sioux Indians according to Treaty of June 19, 1858.
|
| 246 |
1 |
|
|a Appropriation to pay Upper and Lower bands of Sioux Indians according to treaty of June 19, 1858
|
| 264 |
|
1 |
|a Washington :
|b [publisher not identified],
|c 1870.
|
| 300 |
|
|
|a 1 online resource.
|
| 336 |
|
|
|a text
|b txt
|2 rdacontent
|
| 337 |
|
|
|a computer
|b c
|2 rdamedia
|
| 338 |
|
|
|a online resource
|b cr
|2 rdacarrier
|
| 490 |
0 |
|
|a H.exdoc.297
|
| 500 |
|
|
|a Record is based on bibliographic data in ProQuest U.S. Serial Set Digital Collection (last viewed Sept. 2006). Reuse except for individual research requires license from ProQuest, LLC.
|
| 510 |
3 |
|
|a ProQuest U.S. Serial Set Digital Collection
|
| 500 |
|
|
|a Electronic resource.
|
| 650 |
|
0 |
|a Budget
|z United States.
|
| 650 |
|
0 |
|a Dakota Indians.
|
| 650 |
|
0 |
|a Expenditures, Public.
|
| 655 |
|
7 |
|a Electronic books.
|2 local
|
| 710 |
2 |
|
|a ProQuest (Firm)
|
| 710 |
1 |
|
|a United States.
|b Department of the Interior.
|
| 830 |
|
0 |
|a United States congressional serial set.
|
| 856 |
4 |
0 |
|u http://proxy.library.tamu.edu/login?url=http://congressional.proquest.com/congcomp/getdoc?SERIAL-SET-ID=1426+H.exdoc.297
|z Connect to the full text of this electronic book
|t 0
|
| 999 |
|
|
|a MARS
|
| 999 |
f |
f |
|s 2350e2fb-14c0-327e-9c74-70a98ede7f1a
|i cc08e677-4857-3fea-83ce-8521217e58b6
|t 0
|
| 952 |
f |
f |
|a Texas A&M University
|b College Station
|c Electronic Resources
|d Available Online
|t 0
|e ProQuest Serial Set Number 1426 H.exdoc.297
|h Other scheme
|
| 998 |
f |
f |
|a ProQuest Serial Set Number 1426 H.exdoc.297
|t 0
|l Available Online
|